| 000 | 00656nam a22002177a 4500 | ||
|---|---|---|---|
| 010 | _aA-736143 | ||
| 020 | _c88.00 | ||
| 035 | _aA-736143 | ||
| 037 | _bCen Lib / Ret | ||
| 040 |
_aDPL _bEN |
||
| 082 |
_a181.45 _bKAL |
||
| 100 | _aKale, M. G. | ||
| 245 |
_aBhagawad-Geeta commentary / _cby M. G. Kale |
||
| 260 |
_aBombay _bM. G. Kale _c1994 |
||
| 270 |
_a1110, Devi Dayal Road _bMulund, Bombay _e400080 |
||
| 300 |
_a(v 2. 208 ; v 3. 262p) _b24cm(Hb) |
||
| 505 | _av 2 Chapters seven to Twelve ; v 3. Chapters thirteen to eighteen | ||
| 650 | _aBhagavadgīta. | ||
| 650 | _aHindu Religions | ||
| 942 |
_2ddc _cEN _h181.45 _mKAL |
||
| 999 |
_c136540 _d136540 |
||